Statistiques concernant Anglais - Childhood - The family [fr -> en]

Cliquez ici pour prendre le quiz!

Statistiques générales

  • Ce quiz a été pris 20 fois
  • Le résultat moyen est 7 sur 20

Statistiques - réponses

MotsTraduction% Correct
80Un frèreA brother
100%
45Un cousin ou une cousineA cousin
100%
48Un cousin par allianceA cousin throught marriage | A cousin by marriage
100%
71Un petit-filsA grand-son
100%
63Un enfant adoptifAn adopted child
100%
44Une nièceA niece
100%
64Un orphelinAn orphan
100%
27Une mère célibataireA single mother
100%
91Une belle-sœur (la sœur du conjoint)A sister-in-law
100%
81Un frère jumeauA twin brother
100%
1L'enfanceChildhood
100%
52Les enfantsChildren
100%
16Le pèreThe father
100%
21Le parrainThe godfather
100%
10Les grands-parentsThe grandparents
100%
22La mèreThe mother
86%
60Un enfantA child
75%
65Une filleA daughter
75%
41Un oncleAn uncle
75%
70Un filsA son
75%
26La belle-mère (la mère du conjoint)The mother-in-law
75%
66Une petite-filleA granddaughter
71%
42Une tanteAn aunt
67%
43Un neveuA nephew
67%
87Une soeurA sister
67%
92Une sœur cadetteA younger sister
67%
17Le grand-pèreThe grandfather
67%
23La grand-mèreThe grandmother
67%
19Le beau-père (remariage)The stepfather
67%
79Des triplésTriplets
67%
84Un beau-frère (le frère du conjoint)A brother-in-law
50%
69Une filleuleA goddaughter
50%
30Un filleulA godson
50%
33Un gardienA guard
50%
89Une demi-sœur (sœur du même sang)A half-sister
50%
5Le parent (dans le sens père ou mère)A parent | The parent
50%
88Une sœur jumelleA twin sister
50%
56La postéritéPosterity
50%
2La familleThe family
50%
20Le beau-père (le père du conjoint)The father-in-law
50%
28La marraineThe godmother
50%
58Une héritièreAn heiress
40%
96Ressembler àLook like
40%
18L'arrière grand-pèreThe great-grandfather
40%
90Une demi-sœur (fille du beau-parent sans lien de sang)A stepsister
38%
82Un demi-frère (frère du même sang)A half-brother
33%
61Un enfant uniqueAn only child
33%
4Un parent (au sens large)A relative
33%
49Être procheBe close
33%
35La famille étendueThe extended family
33%
24L'arrière grand-mèreThe great-grandmother
33%
25La belle-mère (remariage)The stepmother
33%
46Un cousin germainA first cousin
25%
29Un filleul ou une filleuleA godchild
25%
74Un filleulA godson
25%
59L'héritier présomptifAn heir apparent | An heir presumptive
25%
36Un parent (dans le sens large)A relative
25%
100IdentiqueIdentical
25%
9La maternité ou la paternitéParenthood
25%
7La cellule familialeThe family cell
25%
13Les parents adoptifsThe foster-parents
25%
6La famille nucléaireThe nuclear family
25%
53La progénitureThe offspring
25%
77Des jumeauxTwins
25%
86Un frère aînéAn elder brother
20%
93Une sœur aînéeAn elder sister
20%
99SemblableSimilar
20%
12Les aïeux/les ancêtresThe forbears | The forebears
20%
34Un pupilleA ward
17%
94L'aîné (de deux enfants)The elder
17%
98Tenir de quelqu'unTake after someone
14%
68Une belle-fille | Une bruA daughter-in-law
0%
55Un descendant (de)A descendant (of)
0%
47Un cousin éloignéA distant cousin
0%
102AdoptifAdoptive
0%
14Une famille adoptiveA foster family
0%
31Une filleuleA goddaugther
0%
62Un petit-fils | Une petite-fille | Un petit-enfantA grandchild
0%
32Un tuteurA guardian
0%
57Un héritierAn heir
0%
15Une famille monoparentaleA one-parent family
0%
37Un membre de la familleA relation
0%
73Un beau-fils | Un gendreA son-in-law
0%
83Un demi-frère (fils du beau-parent sans lien de sang)A stepbrother
0%
67Une belle-fille (remariage)A stepdaughter
0%
72Un beau-fils (remariage)A stepson
0%
85Un frère cadetA younger brother
0%
97Être le fils de son pèreBe a chip off the old block
0%
39Être semblable àBe akin to
0%
50Avoir un lien de parentéBe related
0%
51Être sans lien de parentéBe unrelated
0%
78Des vrais jumeauxIdentical twins
0%
101Indifférentiable (de)Indistinguishable (from)
0%
40la parentékinship
0%
3Parents et familleParents and relatives
0%
76La rivalité entre frères et soeursSibiling rivalry
0%
95L'aîné (de plusieurs enfants (+2))The eldest
0%
11Les arrières grands-parentsThe great-grandparents
0%
38Les proches (administratif)The next of kin
0%
8Les beaux parentsThe parents-in-law | The in-law
0%
54La progéniture | La descendanceThe progeny
0%
75Les frères et soeursThe sibilings
0%

Distribution des résultats

Percentile par nombre de réponses

% des personnes avec chaque résultat

Votre développement - résultats

Vous n’avez pas pris ce quiz